|
|
|
|
| LEADER |
00773cam a2200229 7i4500 |
| 001 |
0000018282 |
| 005 |
20210107090000.0 |
| 020 |
|
|
|a 0443100683
|
| 090 |
0 |
0 |
|a RD771
|b .B56 2006
|
| 245 |
0 |
4 |
|a The biomechanics of back pain
|c Micheal Adams ... [et al.].
|
| 250 |
|
|
|a 2nd ed.
|
| 260 |
|
|
|a Edinburgh:
|b Churchill Livingstone,
|c 2006.
|
| 300 |
|
|
|a vii, 316 p.:
|b ill. (some col.);
|c 25 cm.
|
| 504 |
|
|
|a Includes bibliographical references and index
|
| 650 |
0 |
0 |
|a Spine --
|x Anatomy --
|x Histology
|
| 650 |
0 |
0 |
|a Backpain --
|x Etiology
|
| 650 |
0 |
0 |
|a Biomechanics
|
| 700 |
1 |
|
|a Adams, Micheal
|
| 997 |
|
|
|a Health Sciences, Faculty
|
| 998 |
|
|
|a Occupational Safety & Health, Degree
|
| 998 |
|
|
|a Physiotherapy, Diploma
|
| 999 |
|
|
|a 0000024303
|b BOK
|c OPEN SHELF
|e 1st Floor, Shah Alam
|